[Event "Titled Tuesday intern op 13th Jun Early"]
[Site "Chess.com INT"]
[Date "2023.06.13"]
[Round "4"]
[White "Sviridov, Valery"]
[Black "Kosakowski, Jakub"]
[Result "0-1"]
[WhiteElo "2550"]
[BlackElo "2485"]
[PlyCount "192"]
[EventDate "2023.06.13"]
[EventType "swiss (blitz)"]
[EventRounds "11"]
[EventCountry "USA"]
[SourceTitle "EXT 2024"]
[Source "ChessBase"]
[SourceDate "2023.10.10"]
[SourceVersion "1"]
[SourceVersionDate "2023.10.10"]
[SourceQuality "1"]

1. d4 Nf6 2. Nf3 d5 3. c4 e6 4. g3 Bb4+ 5. Bd2 Be7 6. Bg2 0-0 7. 0-0 a5 8. Qc2 c6 9. Rd1 b6 10. b3 Bb7 11. Nc3 Na6 12. e4 Rc8 13. Re1 h6 14. Rad1 c5 15. exd5 exd5 16. dxc5 Bxc5 17. Bf4 Re8 18. Ne5 g5 19. Bc1 Nb4 20. Qb2 Qc7 21. Nxd5 Nbxd5 22. cxd5 Bb4 23. d6 Bxd6 24. Bxb7 Bxe5 25. Rxe5 Qxb7 26. Bxg5 Qf3 27. Rd6 Ng4 28. Rxe8+ Rxe8 29. Rd8 Rxd8 30. Bxd8 Qd1+ 31. Kg2 Qxd8 32. Qe2 Qd5+ 33. Kg1 Ne5 34. Qa6 Nf3+ 35. Kg2 Nd2+ 36. Kg1 Nf3+ 37. Kg2 Nd4+ 38. Kg1 Qe6 39. Qa8+ Kg7 40. h4 Qc6 41. Qd8 Qf6 42. Qa8 Qe5 43. Qb7 b5 44. Qa8 b4 45. Qb7 Ne6 46. Qf3 h5 47. Qd1 Nc5 48. Qf3 Ne4 49. Qe3 Kg6 50. Qd3 Qf5 51. Qe3 Nf6 52. Qb6 Kg7 53. Qd4 Qb1+ 54. Kg2 Qxa2 55. Qe5 Qc2 56. Qg5+ Qg6 57. Qxa5 Qe4+ 58. Kg1 Qe1+ 59. Kg2 Qe4+ 60. Kg1 Nd5 61. Qd8 Qe1+ 62. Kg2 Qe4+ 63. Kg1 Qe5 64. Kg2 Nf6 65. Qb6 Qd5+ 66. Kg1 Qxb3 67. Qc5 Qb1+ 68. Kg2 b3 69. Qg5+ Qg6 70. Qb5 Qe4+ 71. Kg1 Qe1+ 72. Kg2 Qe4+ 73. Kg1 Qg6 74. Qxb3 Qe4 75. Qb5 Qe1+ 76. Kg2 Qe4+ 77. Kg1 Qg4 78. Qe5 Kg6 79. Qb8 Qf5 80. Qb2 Ne4 81. Qe2 Qd5 82. Qe3 Qd1+ 83. Kg2 Qd5 84. Kg1 Nd6 85. Qe7 Nb5 86. Qf8 Nd4 87. Qg8+ Kf6 88. Qh8+ Ke7 89. Qb8 Nf3+ 90. Kf1 Qd1+ 91. Kg2 Ne1+ 92. Kf1 Nd3+ 93. Kg2 Qe2 94. Qa7+ Kf8 95. Qd4 Ne1+ 96. Kh1 Qf1+ 0-1

[Event "Titled Tuesday intern op 13th Jun Late"]
[Site "Chess.com INT"]
[Date "2023.06.13"]
[Round "9"]
[White "Sviridov, Valery"]
[Black "Livaic, Leon"]
[Result "1-0"]
[WhiteElo "2550"]
[BlackElo "2574"]
[PlyCount "53"]
[EventDate "2023.06.13"]
[EventType "swiss (blitz)"]
[EventRounds "11"]
[EventCountry "USA"]
[SourceTitle "EXT 2024"]
[Source "ChessBase"]
[SourceDate "2023.10.10"]
[SourceVersion "1"]
[SourceVersionDate "2023.10.10"]
[SourceQuality "1"]

1. d4 Nf6 2. Nf3 g6 3. c4 Bg7 4. g3 0-0 5. Bg2 d6 6. 0-0 a6 7. Nc3 Nc6 8. d5 Na5 9. Nd2 c5 10. Qc2 Rb8 11. b3 b5 12. Bb2 e6 13. dxe6 Bxe6 14. cxb5 axb5 15. Rad1 d5 16. Nde4 Nxe4 17. Nxe4 c4 18. Bxg7 Kxg7 19. Qb2+ f6 20. Nc5 Bf7 21. Bxd5 Qe7 22. b4 Bxd5 23. Rxd5 Rbd8 24. Rfd1 Nc6 25. Rd7 Rf7 26. Rxd8 Nxd8 27. Rxd8 1-0

[Event "Dubai op-A 23rd"]
[Site "Dubai"]
[Date "2023.05.31"]
[Round "5"]
[White "Sviridov, Valery"]
[Black "Lim, Zhuo Ren"]
[Result "1-0"]
[WhiteElo "2545"]
[BlackElo "2294"]
[PlyCount "67"]
[EventDate "2023.05.27"]
[EventType "swiss"]
[EventRounds "9"]
[EventCountry "UAE"]
[SourceTitle "CBM 214 Extra"]
[Source "ChessBase"]
[SourceDate "2023.07.31"]
[SourceVersion "1"]
[SourceVersionDate "2023.07.31"]
[SourceQuality "1"]

1. d4 Nf6 2. Nf3 d5 3. c4 e6 4. g3 dxc4 5. Bg2 Nbd7 6. Nc3 c6 7. 0-0 b5 8. Re1 Bb7 9. e4 Be7 10. a4 b4 11. e5 Nd5 12. Ne4 h6 13. Nfd2 Ba6 14. Qg4 g6 15. Bf1 c5 16. Nxc4 Bxc4 17. Bxc4 h5 18. Qf3 N5b6 19. Bb5 cxd4 20. a5 Nd5 21. Nd6+ Bxd6 22. exd6 0-0 23. Bh6 Rc8 24. Qe4 N7f6 25. Qxd4 Qxd6 26. Bxf8 Kxf8 27. Qxa7 h4 28. Qd4 hxg3 29. hxg3 Kg8 30. a6 Nh5 31. a7 Ra8 32. Ra6 Qc7 33. Bc6 Nxg3 34. Qe5 1-0

[Event "Dubai op-A 23rd"]
[Site "Dubai"]
[Date "2023.05.29"]
[Round "3"]
[White "Sviridov, Valery"]
[Black "Badelka, Olga"]
[Result "0-1"]
[WhiteElo "2545"]
[BlackElo "2406"]
[PlyCount "152"]
[EventDate "2023.05.27"]
[EventType "swiss"]
[EventRounds "9"]
[EventCountry "UAE"]
[SourceTitle "CBM 214 Extra"]
[Source "ChessBase"]
[SourceDate "2023.07.31"]
[SourceVersion "1"]
[SourceVersionDate "2023.07.31"]
[SourceQuality "1"]

1. d4 Nf6 2. c4 e6 3. Nf3 d5 4. g3 Bb4+ 5. Bd2 a5 6. Qc2 0-0 7. Bg2 c5 8. cxd5 cxd4 9. Nxd4 Qb6 10. a3 Bc5 11. e3 Bxd4 12. exd4 Nxd5 13. Nc3 Nc6 14. Nxd5 exd5 15. Be3 Be6 16. 0-0 Rfc8 17. Qc5 Qb3 18. Qc3 a4 19. Qxb3 axb3 20. Rfc1 Na5 21. Bd2 Nc4 22. Bc3 Nb6 23. Bf1 Na4 24. Bb4 Nxb2 25. Rcb1 Rc2 26. a4 g5 27. a5 Bd7 28. Ra3 Ba4 29. Bh3 Bc6 30. Rxb3 Nc4 31. Bf5 Ra2 32. Be7 Nd2 33. R3b2 R8xa5 34. Rxa2 Rxa2 35. Rd1 h6 36. Kg2 Kg7 37. h4 g4 38. Bb4 Nc4 39. Re1 h5 40. Kg1 Nd2 41. Kg2 Nf3 42. Rb1 Ba4 43. Bc5 Bc2 44. Bxc2 Rxc2 45. Bd6 Kg6 46. Bf4 Nxd4 47. Rxb7 Ne6 48. Rb6 Kf5 49. Bh6 d4 50. Rd6 Ke4 51. Rd7 Rc7 52. Rd6 d3 53. Be3 Rc2 54. Kf1 Ra2 55. Ke1 Re2+ 56. Kd1 Ra2 57. Rd7 f5 58. Rd6 Nc7 59. Rd4+ Ke5 60. Rxd3 Nd5 61. Bd2 f4 62. gxf4+ Nxf4 63. Rb3 Nh3 64. f3 g3 65. f4+ Kd4 66. Rxg3 Nf2+ 67. Ke2 Rxd2+ 68. Kf1 Ng4 69. Ra3 Rf2+ 70. Kg1 Ke4 71. Ra4+ Kf3 72. Ra3+ Ne3 73. f5 Rf1+ 74. Kh2 Ke4 75. Ra4+ Kxf5 76. Kg3 Kg6 0-1

[Event "Titled Tuesday intern op 23rd May Early"]
[Site "Chess.com INT"]
[Date "2023.05.23"]
[Round "4"]
[White "Ismagilov, Damir"]
[Black "Sviridov, Valery"]
[Result "0-1"]
[WhiteElo "2156"]
[BlackElo "2545"]
[PlyCount "90"]
[EventDate "2023.05.23"]
[EventType "swiss (blitz)"]
[EventRounds "11"]
[EventCountry "USA"]
[SourceTitle "CBM 214 Extra"]
[Source "ChessBase"]
[SourceDate "2023.07.31"]
[SourceVersion "1"]
[SourceVersionDate "2023.07.31"]
[SourceQuality "1"]

1. e4 c5 2. Nf3 a6 3. g3 b5 4. d4 cxd4 5. c3 dxc3 6. Nxc3 Bb7 7. Be3 e6 8. a3 Nf6 9. e5 Ng4 10. Bd4 Nc6 11. Bg2 Rc8 12. 0-0 Be7 13. Ne4 Nxd4 14. Nxd4 Bxe4 15. Qxg4 Bg6 16. Bb7 Rb8 17. Be4 0-0 18. Rfd1 Qb6 19. Bxg6 hxg6 20. h4 Rbc8 21. Nf3 Rc4 22. Qh3 Rc2 23. Qf1 Rxb2 24. Rxd7 Bc5 25. Nd2 Rd8 26. Rxd8+ Qxd8 27. Ne4 Bb6 28. Rd1 Qa8 29. Qg2 Qc8 30. h5 gxh5 31. Qf3 Rc2 32. Qxh5 Rc1 33. Nd6 Rxd1+ 34. Qxd1 Qc5 35. Qf3 Qc7 36. Qa8+ Kh7 37. Qe4+ g6 38. Qh4+ Kg8 39. Ne4 Qxe5 40. Nf6+ Kg7 41. Ne8+ Kf8 42. Nf6 Qe1+ 43. Kg2 Qxf2+ 44. Kh3 Qf1+ 45. Kg4 Qf5# 0-1

[Event "Titled Tuesday intern op 23rd May Early"]
[Site "Chess.com INT"]
[Date "2023.05.23"]
[Round "7"]
[White "Sviridov, Valery"]
[Black "Talibov, Shiroghlan"]
[Result "1-0"]
[WhiteElo "2545"]
[BlackElo "2359"]
[PlyCount "101"]
[EventDate "2023.05.23"]
[EventType "swiss (blitz)"]
[EventRounds "11"]
[EventCountry "USA"]
[SourceTitle "CBM 214 Extra"]
[Source "ChessBase"]
[SourceDate "2023.07.31"]
[SourceVersion "1"]
[SourceVersionDate "2023.07.31"]
[SourceQuality "1"]

1. d4 Nf6 2. Nf3 e6 3. e3 d5 4. Nbd2 a6 5. Bd3 b6 6. e4 dxe4 7. Nxe4 Bb7 8. Qe2 Nbd7 9. 0-0 Be7 10. Rd1 0-0 11. Bf4 Nxe4 12. Bxe4 Bxe4 13. Qxe4 Nf6 14. Qc6 Bd6 15. Ne5 Qe8 16. Qf3 Nd7 17. Nc6 Nf6 18. Bd2 Nd5 19. Ne5 Bxe5 20. dxe5 b5 21. b3 b4 22. c4 bxc3 23. Bxc3 Qb5 24. Rac1 Rfd8 25. h4 h6 26. Bd4 Rd7 27. Rc4 Rad8 28. Rdc1 Ne7 29. Rxc7 Nf5 30. Rxd7 Rxd7 31. Bc3 Nxh4 32. Qa8+ Kh7 33. Qe4+ Ng6 34. Re1 Kg8 35. Qa8+ Kh7 36. Qe4 Kg8 37. g3 Ne7 38. Bb4 Nf5 39. Bc3 Qc5 40. Bb4 Qb6 41. Rc1 Rd4 42. Rc8+ Kh7 43. Bc5 Rd1+ 44. Kh2 Qb5 45. g4 Qd7 46. Ra8 Rd5 47. Ra7 Qc6 48. Bd4 Qc1 49. gxf5 Qg5 50. fxe6+ Kh8 51. Ra8+ 1-0

[Event "Titled Tuesday intern op 16th May Late"]
[Site "Chess.com INT"]
[Date "2023.05.16"]
[Round "11"]
[White "Makarian, Rudik"]
[Black "Sviridov, Valery"]
[Result "1-0"]
[WhiteElo "2545"]
[BlackElo "2545"]
[PlyCount "87"]
[EventDate "2023.05.16"]
[EventType "swiss (blitz)"]
[EventRounds "11"]
[EventCountry "USA"]
[SourceTitle "CBM 214 Extra"]
[Source "ChessBase"]
[SourceDate "2023.07.31"]
[SourceVersion "1"]
[SourceVersionDate "2023.07.31"]
[SourceQuality "1"]

1. d4 g6 2. c4 Bg7 3. Nf3 d6 4. Nc3 e5 5. dxe5 dxe5 6. Qxd8+ Kxd8 7. g3 Be6 8. Ng5 Bxc4 9. b3 h6 10. Nge4 Be6 11. Nc5 Bc8 12. Ba3 Nd7 13. 0-0-0 Ngf6 14. Bh3 Bf8 15. Kc2 c6 16. N3e4 Kc7 17. Nxd7 Nxd7 18. Nd6 f5 19. e4 Nf6 20. f4 exf4 21. Bb2 Bxd6 22. e5 Bc5 23. exf6 Be6 24. Rhe1 Rhe8 25. gxf4 Bd5 26. Be5+ Kb6 27. Kc3 a5 28. Kc2 a4 29. b4 Bf8 30. Kc3 a3 31. Bd4+ Kc7 32. Be5+ Kb6 33. Bd4+ Kb5 34. Bf1+ Ka4 35. Bc5 Bxc5 36. bxc5 Bxa2 37. Rd4+ Ka5 38. Ra1 Re3+ 39. Kd2 Rae8 40. Rxa2 Rb3 41. Kc2 Rf3 42. Bd3 Rf2+ 43. Kb3 Rxa2 44. Ra4# 1-0

[Event "Titled Tuesday intern op 16th May Late"]
[Site "Chess.com INT"]
[Date "2023.05.16"]
[Round "10"]
[White "Sviridov, Valery"]
[Black "Guz, Ari"]
[Result "1-0"]
[WhiteElo "2545"]
[BlackElo "2324"]
[PlyCount "67"]
[EventDate "2023.05.16"]
[EventType "swiss (blitz)"]
[EventRounds "11"]
[EventCountry "USA"]
[SourceTitle "CBM 214 Extra"]
[Source "ChessBase"]
[SourceDate "2023.07.31"]
[SourceVersion "1"]
[SourceVersionDate "2023.07.31"]
[SourceQuality "1"]

1. d4 d5 2. Nf3 Nf6 3. c4 e6 4. g3 dxc4 5. Bg2 Bd7 6. 0-0 c5 7. Ne5 Nc6 8. Nxc6 Bxc6 9. Bxc6+ bxc6 10. Qa4 Qb6 11. dxc5 Bxc5 12. Nd2 0-0 13. Nxc4 Qb5 14. Qc2 Nd5 15. a3 Nb6 16. Nd2 Rad8 17. Ne4 Be7 18. b3 c5 19. a4 Qc6 20. Be3 f5 21. Bg5 Bxg5 22. Nxg5 c4 23. a5 h6 24. Nf3 Nd5 25. bxc4 Nf6 26. Ne5 Qc5 27. Nd3 Qd4 28. c5 e5 29. c6 e4 30. Nf4 Rfe8 31. Qa2+ Kh7 32. Ne6 Rxe6 33. Qxe6 Rd6 34. Qxf5+ 1-0

[Event "Titled Tuesday intern op 16th May Early"]
[Site "Chess.com INT"]
[Date "2023.05.16"]
[Round "6"]
[White "Sviridov, Valery"]
[Black "Itgelt, Khuyagtsogt"]
[Result "1-0"]
[WhiteElo "2545"]
[BlackElo "2261"]
[PlyCount "65"]
[EventDate "2023.05.16"]
[EventType "swiss (blitz)"]
[EventRounds "11"]
[EventCountry "USA"]
[SourceTitle "CBM 214 Extra"]
[Source "ChessBase"]
[SourceDate "2023.07.31"]
[SourceVersion "1"]
[SourceVersionDate "2023.07.31"]
[SourceQuality "1"]

1. d4 Nf6 2. Nf3 g6 3. c4 Bg7 4. g3 0-0 5. Bg2 d5 6. cxd5 Nxd5 7. 0-0 Nb6 8. Nc3 Nc6 9. Qc2 Bf5 10. e4 Bg4 11. d5 Bxf3 12. dxc6 Bxg2 13. Kxg2 bxc6 14. Rd1 Qc8 15. b3 h5 16. Be3 Qe6 17. Rac1 h4 18. f3 Rad8 19. Ne2 Nd5 20. Bc5 h3+ 21. Kf2 Nb6 22. Nf4 Qe5 23. Nxh3 Rxd1 24. Rxd1 f5 25. Bd4 Qb5 26. Bxg7 Kxg7 27. Ng5 Rf6 28. Kg2 fxe4 29. Nxe4 Nd5 30. Re1 Re6 31. Qb2+ Kg8 32. Nc3 Qb4 33. Rxe6 1-0

[Event "Titled Tuesday intern op 16th May Late"]
[Site "Chess.com INT"]
[Date "2023.05.16"]
[Round "3"]
[White "Sviridov, Valery"]
[Black "Kourkoulos Arditis, Stamatis"]
[Result "1-0"]
[WhiteElo "2545"]
[BlackElo "2539"]
[PlyCount "67"]
[EventDate "2023.05.16"]
[EventType "swiss (blitz)"]
[EventRounds "11"]
[EventCountry "USA"]
[SourceTitle "CBM 214 Extra"]
[Source "ChessBase"]
[SourceDate "2023.07.31"]
[SourceVersion "1"]
[SourceVersionDate "2023.07.31"]
[SourceQuality "1"]

1. d4 c5 2. d5 Nf6 3. c4 d6 4. Nc3 g6 5. Nf3 Bg7 6. e4 0-0 7. h3 e6 8. Bd3 exd5 9. cxd5 Nh5 10. 0-0 Nd7 11. Bg5 Bf6 12. Be3 a6 13. a4 Ne5 14. Nxe5 Bxe5 15. f4 Bxc3 16. bxc3 Qe7 17. Qf3 f5 18. exf5 Bxf5 19. Bxf5 gxf5 20. Rae1 Qf7 21. c4 Nf6 22. Bc1 Ne4 23. Bb2 Rab8 24. g4 b5 25. gxf5 Nf6 26. Re6 Qg7+ 27. Kh1 Qh6 28. Rg1+ Kh8 29. Bxf6+ Rxf6 30. Qc3 Rbf8 31. axb5 axb5 32. cxb5 R8f7 33. b6 Rg7 34. Rxg7 1-0